[Event "Tsaghkadzor ChessMood op"]
[Site "Tsaghkadzor"]
[Date "2022.10.08"]
[Round "9"]
[White "Pashikian, Arman"]
[Black "Goganov, Aleksey"]
[Result "1-0"]
[WhiteElo "2595"]
[BlackElo "2527"]
[PlyCount "113"]
[EventDate "2022.09.30"]
[EventType "swiss"]
[EventRounds "9"]
[EventCountry "ARM"]
[SourceTitle "CBM 210 Extra"]
[Source "ChessBase"]
[SourceDate "2022.11.30"]
[SourceVersion "1"]
[SourceVersionDate "2022.11.30"]
[SourceQuality "1"]

1. d4 Nf6 2. c4 e6 3. Nf3 d5 4. Nc3 Bb4 5. Qa4+ Nc6 6. e3 0-0 7. Qc2 Re8 8. Bd2 Bf8 9. Be2 Nb4 10. Qb1 c5 11. dxc5 Bxc5 12. 0-0 Nc6 13. Rd1 Qe7 14. Be1 Rd8 15. a3 d4 16. exd4 Nxd4 17. Nxd4 Rxd4 18. b4 Rxd1 19. Qxd1 Bd6 20. Bf3 a6 21. Qd3 Rb8 22. Rd1 Bc7 23. Ne4 Nxe4 24. Bxe4 h6 25. b5 f5 26. Bf3 a5 27. a4 b6 28. Bc3 e5 29. Bd5+ Kh8 30. Re1 Bd7 31. Qg3 Re8 32. Qg6 Rf8 33. Qg3 f4 34. Qf3 Qg5 35. Bb2 Bd6 36. h3 Qe7 37. Qe2 Qg5 38. Qf3 Qe7 39. Qe2 Qg5 40. Qd3 Bf5 41. Qf3 Bg6 42. Qg4 Qxg4 43. hxg4 Re8 44. Rd1 Bc5 45. Bc6 Re7 46. Rd5 Bb4 47. Bxe5 Bc2 48. Bd4 Bxa4 49. Bxb6 Bb3 50. Rd8+ Kh7 51. Bd5 a4 52. Bd4 a3 53. b6 a2 54. b7 Bc5 55. b8Q Bxd4 56. Bg8+ Kg6 57. Qd6+ 1-0

[Event "Tsaghkadzor ChessMood op"]
[Site "Tsaghkadzor"]
[Date "2022.10.04"]
[Round "5"]
[White "Gholami Orimi, Mahdi"]
[Black "Pashikian, Arman"]
[Result "1-0"]
[WhiteElo "2428"]
[BlackElo "2595"]
[PlyCount "49"]
[EventDate "2022.09.30"]
[EventType "swiss"]
[EventRounds "9"]
[EventCountry "ARM"]
[SourceTitle "CBM 210 Extra"]
[Source "ChessBase"]
[SourceDate "2022.11.30"]
[SourceVersion "1"]
[SourceVersionDate "2022.11.30"]
[SourceQuality "1"]

1. d4 Nf6 2. c4 e6 3. Nc3 Bb4 4. e3 0-0 5. Bd3 d5 6. cxd5 exd5 7. a3 Bd6 8. Qc2 b6 9. b4 Ba6 10. Nge2 Bxd3 11. Qxd3 Nbd7 12. 0-0 c5 13. dxc5 bxc5 14. Nxd5 Ne5 15. Nxf6+ Qxf6 16. Qb1 Rfb8 17. Bd2 Qh4 18. h3 cxb4 19. axb4 Bxb4 20. Bxb4 Rxb4 21. Qf5 Qe7 22. Ra5 Nc4 23. Ra6 Rb2 24. Rfa1 Rxe2 25. Qf3 1-0

[Event "Tsaghkadzor ChessMood op"]
[Site "Tsaghkadzor"]
[Date "2022.10.03"]
[Round "4"]
[White "Pashikian, Arman"]
[Black "Sahakyan, Aleks"]
[Result "1-0"]
[WhiteElo "2595"]
[BlackElo "2002"]
[PlyCount "63"]
[EventDate "2022.09.30"]
[EventType "swiss"]
[EventRounds "9"]
[EventCountry "ARM"]
[SourceTitle "CBM 210 Extra"]
[Source "ChessBase"]
[SourceDate "2022.11.30"]
[SourceVersion "1"]
[SourceVersionDate "2022.11.30"]
[SourceQuality "1"]

1. d4 Nf6 2. c4 e6 3. Nf3 d5 4. Nc3 dxc4 5. e4 b5 6. e5 Nd5 7. Nxb5 Nb6 8. Be3 Nc6 9. Be2 Be7 10. Nc3 Bb7 11. 0-0 0-0 12. Na4 Na5 13. Rc1 Qe8 14. Nc5 Bd5 15. b3 cxb3 16. axb3 Rd8 17. Nd2 f5 18. exf6 Bxf6 19. Nde4 e5 20. Bd3 Nc6 21. Qg4 Kh8 22. Qh3 Bg8 23. Nxf6 Rxf6 24. Bg5 Nxd4 25. Bxf6 gxf6 26. f4 Nd5 27. fxe5 Qxe5 28. Rce1 Nf4 29. Qh4 Nde2+ 30. Bxe2 Qxc5+ 31. Kh1 Nd5 32. Bc4 1-0

[Event "ARM-ch 1st League 83rd"]
[Site "Yerevan"]
[Date "2022.01.23"]
[Round "11"]
[White "Pashikian, Arman"]
[Black "Martirosyan, Haik M"]
[Result "0-1"]
[WhiteElo "2606"]
[BlackElo "2621"]
[PlyCount "80"]
[EventDate "2022.01.12"]
[EventType "tourn"]
[EventRounds "11"]
[EventCountry "ARM"]
[EventCategory "13"]
[SourceTitle "CBM 206 Extra"]
[Source "ChessBase"]
[SourceDate "2022.03.31"]
[SourceVersion "1"]
[SourceVersionDate "2022.03.31"]
[SourceQuality "1"]

1. d4 Nf6 2. c4 e6 3. Nf3 d5 4. g3 dxc4 5. Bg2 a6 6. 0-0 Nc6 7. Bg5 Be7 8. e3 Bd7 9. Qc1 b5 10. b3 cxb3 11. axb3 Nb4 12. Ne5 Ra7 13. Bxf6 gxf6 14. Nxd7 Qxd7 15. Rd1 c6 16. e4 0-0 17. Nc3 Rd8 18. Ne2 c5 19. d5 exd5 20. exd5 Qf5 21. Nc3 Rad7 22. Be4 Qe5 23. f4 Qh5 24. Qb1 f5 25. Bxf5 Nxd5 26. g4 Qh3 27. Nxd5 Rxd5 28. Rxd5 Rxd5 29. Qc2 Qe3+ 30. Qf2 Qxb3 31. Qe2 Qc3 32. Re1 Bh4 33. Rf1 Rd2 34. Qe8+ Kg7 35. Bxh7 Rd8 36. Qe4 c4 37. g5 b4 38. Kh1 Qh3 39. Rg1 Qe6 40. Qb1 Rd4 0-1

[Event "ARM-ch 1st League 83rd"]
[Site "Yerevan"]
[Date "2022.01.17"]
[Round "6"]
[White "Pashikian, Arman"]
[Black "Shahinyan, David"]
[Result "0-1"]
[WhiteElo "2606"]
[BlackElo "2486"]
[PlyCount "106"]
[EventDate "2022.01.12"]
[EventType "tourn"]
[EventRounds "11"]
[EventCountry "ARM"]
[EventCategory "13"]
[SourceTitle "CBM 206 Extra"]
[Source "ChessBase"]
[SourceDate "2022.03.31"]
[SourceVersion "1"]
[SourceVersionDate "2022.03.31"]
[SourceQuality "1"]

1. d4 d6 2. e4 Nf6 3. Nc3 e5 4. Nf3 Nbd7 5. Bc4 Be7 6. 0-0 0-0 7. a4 c6 8. Re1 exd4 9. Nxd4 Ne5 10. Bf1 Re8 11. a5 Bd7 12. h3 Qc7 13. Bf4 b5 14. axb6 axb6 15. Rxa8 Rxa8 16. Bg3 Re8 17. f4 Ng6 18. Qf3 b5 19. Nb1 Qb6 20. c3 c5 21. Nc2 Bf8 22. Ne3 c4 23. Nd2 Bc6 24. Bf2 Nxe4 25. Nxe4 Bxe4 26. Qg3 Qc6 27. f5 Ne5 28. f6 Re6 29. fxg7 Bxg7 30. Ng4 Nxg4 31. Qxg4 f5 32. Qh4 Rg6 33. Qd8+ Bf8 34. g3 d5 35. Ra1 d4 36. cxd4 f4 37. g4 h5 38. g5 Qd6 39. Qxd6 Rxg5+ 40. Kh2 Bxd6 41. h4 Rg6 42. Ra6 Bd3 43. Bh3 b4 44. d5 c3 45. Ra8+ Kh7 46. Bd4 Rg7 47. Bxg7 f3+ 48. Kg1 Kxg7 49. bxc3 Bc5+ 50. Kh1 b3 51. Rb8 f2 52. Rb7+ Kf6 53. Bg2 Be4 0-1

[Event "ARM Nat Team Qualifier"]
[Site "Yerevan"]
[Date "2021.03.23"]
[Round "2"]
[White "Martirosyan, Haik M"]
[Black "Pashikian, Arman"]
[Result "1-0"]
[WhiteElo "2622"]
[BlackElo "2606"]
[PlyCount "77"]
[EventDate "2021.03.22"]
[EventType "tourn"]
[EventRounds "6"]
[EventCountry "ARM"]
[EventCategory "15"]
[SourceTitle "CBM 201 Extra"]
[Source "ChessBase"]
[SourceDate "2021.05.31"]
[SourceVersion "1"]
[SourceVersionDate "2021.05.31"]
[SourceQuality "1"]

1. d4 Nf6 2. c4 e6 3. Nf3 d5 4. Nc3 Bb4 5. cxd5 exd5 6. Bf4 0-0 7. e3 c5 8. dxc5 Qa5 9. Be5 Nfd7 10. Bd6 Rd8 11. Rc1 Qxa2 12. Qc2 Qa5 13. Bd3 g6 14. 0-0 Nxc5 15. Ra1 Qb6 16. Be7 Nc6 17. Bxd8 Qxd8 18. Bb5 Bf5 19. Qd1 a6 20. Bxc6 bxc6 21. Na2 Rb8 22. Nd4 Qd6 23. Nxf5 gxf5 24. Qc2 f4 25. exf4 Qxf4 26. Nxb4 Qxb4 27. Ra3 Ne4 28. Qxc6 Qxb2 29. Rd3 Nd2 30. Rd1 Ne4 31. Rf3 Qd2 32. Rf1 a5 33. Rxf7 Kxf7 34. Qc7+ Ke6 35. Qxb8 d4 36. Qe8+ Kf5 37. g4+ Kf4 38. Qf7+ Kxg4 39. f3+ 1-0

[Event "ARM-ch 81st"]
[Site "Yerevan"]
[Date "2021.02.28"]
[Round "11"]
[White "Pashikian, Arman"]
[Black "Martirosyan, Haik M"]
[Result "1/2-1/2"]
[WhiteElo "2606"]
[BlackElo "2622"]
[PlyCount "108"]
[EventDate "2021.02.16"]
[EventType "tourn"]
[EventRounds "11"]
[EventCountry "ARM"]
[EventCategory "14"]
[SourceTitle "CBM 200 Extra"]
[Source "ChessBase"]
[SourceDate "2021.03.31"]
[SourceVersion "1"]
[SourceVersionDate "2021.03.31"]
[SourceQuality "1"]

1. d4 Nf6 2. c4 e6 3. Nf3 b6 4. g3 Ba6 5. b3 Bb4+ 6. Bd2 Be7 7. Bg2 0-0 8. 0-0 d5 9. cxd5 exd5 10. Ne5 Bb7 11. Nc3 Re8 12. Qc2 Nbd7 13. Rad1 h6 14. Bf4 Nf8 15. Nb5 Ne6 16. Nc6 Qd7 17. Rc1 Nxf4 18. gxf4 a6 19. Nxe7+ Rxe7 20. Nc3 Rc8 21. Rfd1 c5 22. dxc5 Rxc5 23. Qd3 Qc8 24. Nxd5 Nxd5 25. Rxc5 bxc5 26. Bxd5 Qg4+ 27. Qg3 Qxe2 28. Qd3 Qg4+ 29. Kf1 Bxd5 30. Qxd5 Re6 31. Rd3 Qxf4 32. h3 Rg6 33. Qxc5 Kh7 34. Qe3 Qh2 35. Qe4 Qg1+ 36. Ke2 Qb1 37. a4 Qc2+ 38. Kf1 Qc1+ 39. Ke2 Qc8 40. Kf1 Kg8 41. Qc4 Qa8 42. Qd5 Qa7 43. Qd4 Qb7 44. Qd5 Qb4 45. Qf5 Qb8 46. Qa5 Qf4 47. Qd2 Qe5 48. Rd8+ Kh7 49. Rd5 Qa1+ 50. Qd1 Qc3 51. Qd3 Qc1+ 52. Ke2 Qb2+ 53. Kf1 Qc1+ 54. Ke2 Qb2+ 1/2-1/2

[Event "ARM-ch 81st"]
[Site "Yerevan"]
[Date "2021.02.26"]
[Round "10"]
[White "Hovhannisyan, Robert"]
[Black "Pashikian, Arman"]
[Result "1-0"]
[WhiteElo "2642"]
[BlackElo "2606"]
[PlyCount "101"]
[EventDate "2021.02.16"]
[EventType "tourn"]
[EventRounds "11"]
[EventCountry "ARM"]
[EventCategory "14"]
[SourceTitle "CBM 200 Extra"]
[Source "ChessBase"]
[SourceDate "2021.03.31"]
[SourceVersion "1"]
[SourceVersionDate "2021.03.31"]
[SourceQuality "1"]

1. e4 e5 2. Nf3 Nc6 3. Bb5 Nf6 4. 0-0 Nxe4 5. Re1 Nd6 6. Nxe5 Be7 7. Bf1 Nxe5 8. Rxe5 0-0 9. Nc3 Ne8 10. Nd5 Bd6 11. Re1 c6 12. Ne3 Be7 13. c4 Nc7 14. Nf5 Bf6 15. Nd6 Bd4 16. Qg4 Qf6 17. Qg3 Bxf2+ 18. Qxf2 Qxd6 19. c5 Qg6 20. a4 d6 21. Ra3 dxc5 22. d4 Re8 23. Bf4 Rxe1 24. Qxe1 Ne6 25. Rg3 Qh5 26. d5 cxd5 27. Rg5 Qh6 28. Rxd5 Qxf4 29. Rd8+ Nf8 30. Qe7 h5 31. Rxf8+ Kh7 32. Bd3+ Bf5 33. Bxf5+ Qxf5 34. Rxa8 Qb1+ 35. Kf2 Qxb2+ 36. Qe2 Qd4+ 37. Kf1 Qa1+ 38. Qe1 Qxa4 39. Re8 f5 40. Re5 Qf4+ 41. Kg1 c4 42. Qe3 Qg4 43. h3 Qd1+ 44. Kh2 Qd6 45. Qf4 c3 46. Qxf5+ g6 47. Qe6 Qxe6 48. Rxe6 b5 49. Re7+ Kh6 50. Rxa7 b4 51. Rc7 1-0

[Event "ARM-ch 80th"]
[Site "Yerevan"]
[Date "2020.01.18"]
[Round "7"]
[White "Sargsyan, Shant"]
[Black "Pashikian, Arman"]
[Result "1/2-1/2"]
[WhiteElo "2601"]
[BlackElo "2605"]
[PlyCount "119"]
[EventDate "2020.01.12"]
[EventType "tourn"]
[EventRounds "9"]
[EventCountry "ARM"]
[EventCategory "13"]
[SourceTitle "CBM 194 Extra"]
[Source "ChessBase"]
[SourceDate "2020.03.31"]
[SourceVersion "1"]
[SourceVersionDate "2020.03.31"]
[SourceQuality "1"]

1. d4 Nf6 2. c4 e6 3. Nc3 d5 4. cxd5 exd5 5. Bg5 c6 6. e3 Be7 7. Qc2 Nbd7 8. Nf3 Nh5 9. Bxe7 Qxe7 10. 0-0-0 Nb6 11. h3 g6 12. Bd3 Be6 13. Kb1 0-0-0 14. Nd2 Ng7 15. Ka1 Bf5 16. Rb1 Qg5 17. Rhg1 Bxd3 18. Qxd3 Qf5 19. Qe2 Ne6 20. Rgc1 Rhe8 21. Qf1 Kb8 22. b4 Rc8 23. a4 a6 24. Rb2 Rc7 25. Rcb1 Ree7 26. Ra2 Qf6 27. Nb3 Nc4 28. b5 axb5 29. axb5 b6 30. bxc6 Ra7 31. Nc1 Nxd4 32. exd4 Qxd4 33. Qd3 Rxa2+ 34. Kxa2 Ra7+ 35. Kb3 Ra3+ 36. Kc2 Qxf2+ 37. N1e2 Ne3+ 38. Kc1 Nc4 39. Kc2 Ne3+ 40. Kc1 Nc4 41. Rb4 Qc5 42. Rxc4 Qxc4 43. Qxc4 dxc4 44. Nb5 Re3 45. Ned4 Re5 46. Kc2 f5 47. g3 g5 48. c7+ Kc8 49. Nxf5 Rxb5 50. Nd6+ Kxc7 51. Nxb5+ Kc6 52. Nc3 h6 53. Ne4 Kd5 54. Nf6+ Ke6 55. Ng4 h5 56. Ne3 b5 57. g4 hxg4 58. Nxg4 Kf5 59. Kc3 Kf4 60. Nf6 1/2-1/2

[Event "ARM-ch 80th"]
[Site "Yerevan"]
[Date "2020.01.12"]
[Round "1"]
[White "Pashikian, Arman"]
[Black "Hakobyan, Aram"]
[Result "1-0"]
[WhiteElo "2605"]
[BlackElo "2582"]
[PlyCount "73"]
[EventDate "2020.01.12"]
[EventType "tourn"]
[EventRounds "9"]
[EventCountry "ARM"]
[EventCategory "13"]
[SourceTitle "CBM 194 Extra"]
[Source "ChessBase"]
[SourceDate "2020.03.31"]
[SourceVersion "1"]
[SourceVersionDate "2020.03.31"]
[SourceQuality "1"]

1. d4 Nf6 2. c4 e6 3. Nf3 d5 4. Nc3 Bb4 5. cxd5 exd5 6. Bg5 h6 7. Bh4 0-0 8. e3 Bf5 9. Be2 Nbd7 10. Qb3 Qe7 11. a3 Bxc3+ 12. bxc3 b5 13. Bxf6 Nxf6 14. 0-0 Rab8 15. Ne5 Qd6 16. a4 b4 17. cxb4 Rxb4 18. Qa3 Rfb8 19. Bb5 Ng4 20. f4 a6 21. Nc6 axb5 22. Nxb8 Rxa4 23. Qxd6 cxd6 24. Nc6 Kh7 25. Rxa4 bxa4 26. Re1 Bc2 27. Rc1 Bb3 28. Rc3 Nf6 29. Na5 Ne4 30. Rc7 Ba2 31. Rxf7 Nd2 32. Ra7 a3 33. Nc6 Nb1 34. f5 Kg8 35. Ne7+ Kf8 36. Ng6+ Ke8 37. Rxg7 1-0

[Event "Wch Blitz"]
[Site "Moscow"]
[Date "2019.12.29"]
[Round "9"]
[White "Drygalov, Sergey"]
[Black "Pashikian, Arman"]
[Result "1-0"]
[WhiteElo "2473"]
[BlackElo "2605"]
[PlyCount "71"]
[EventDate "2019.12.29"]
[EventType "swiss (blitz)"]
[EventRounds "21"]
[EventCountry "RUS"]
[SourceTitle "CBM 193 Extra"]
[Source "ChessBase"]
[SourceDate "2020.01.31"]
[SourceVersion "1"]
[SourceVersionDate "2020.01.31"]
[SourceQuality "1"]

1. d4 Nf6 2. Nf3 d5 3. c4 e6 4. Nc3 Bb4 5. Qa4+ Nc6 6. e3 0-0 7. Qc2 b6 8. Bd2 Bd6 9. a3 Bb7 10. cxd5 exd5 11. Bd3 a6 12. 0-0 h6 13. b4 Re8 14. Ne2 Ne4 15. Ng3 Nxd2 16. Qxd2 Ne7 17. Bc2 Qd7 18. Qd3 g6 19. Ne5 Bxe5 20. dxe5 c5 21. f4 Bc8 22. Rad1 Qb5 23. Qd2 Bg4 24. Rc1 Qd7 25. e4 d4 26. f5 d3 27. Bb3 gxf5 28. Qxh6 Qd4+ 29. Kh1 Qxe5 30. exf5 Qg7 31. Qf4 Be2 32. f6 Qg6 33. fxe7 Bxf1 34. Rxf1 Rxe7 35. Nf5 Re2 36. Bxf7+ 1-0

[Event "Wch Blitz"]
[Site "Moscow"]
[Date "2019.12.29"]
[Round "5"]
[White "Tengis, Tsogochir"]
[Black "Pashikian, Arman"]
[Result "1-0"]
[WhiteElo "2190"]
[BlackElo "2605"]
[PlyCount "127"]
[EventDate "2019.12.29"]
[EventType "swiss (blitz)"]
[EventRounds "21"]
[EventCountry "RUS"]
[SourceTitle "CBM 193 Extra"]
[Source "ChessBase"]
[SourceDate "2020.01.31"]
[SourceVersion "1"]
[SourceVersionDate "2020.01.31"]
[SourceQuality "1"]

1. Nf3 d5 2. c4 e6 3. e3 Nf6 4. b3 c5 5. Bb2 Nc6 6. cxd5 exd5 7. Bb5 Bd6 8. 0-0 0-0 9. d4 cxd4 10. Nxd4 Bc7 11. Ba3 Re8 12. Nd2 Ng4 13. h3 Nge5 14. Rc1 Bd7 15. Bxc6 bxc6 16. N2f3 Qf6 17. Bb2 Qd6 18. Qc2 Nxf3+ 19. Nxf3 Re6 20. Rfd1 Rg6 21. Be5 Qxe5 22. Nxe5 Bxe5 23. h4 h5 24. e4 Bg4 25. exd5 Bxd1 26. Rxd1 cxd5 27. Rxd5 Re8 28. g3 Rge6 29. Rd7 g6 30. Qc4 Rf6 31. a4 Kg7 32. Rxa7 Rd8 33. Re7 Bd4 34. Re2 Ba7 35. a5 Rd4 36. Qc7 Rd1+ 37. Kg2 Bd4 38. b4 Rf5 39. Qc2 Ra1 40. Qc4 Ba7 41. a6 Kh7 42. b5 Rb1 43. Qc7 Bd4 44. a7 Bxa7 45. Qxa7 Rbxb5 46. Qd4 Rb7 47. Re8 f6 48. Qc4 Rg7 49. f3 Ra5 50. Qc3 Ra6 51. Rc8 Rd6 52. Rc7 Re6 53. Rxg7+ Kxg7 54. Qc7+ Kh6 55. Qf7 Ra6 56. g4 hxg4 57. fxg4 Rb6 58. Kf3 Ra6 59. Qf8+ Kh7 60. Ke3 Re6+ 61. Kd4 Ra6 62. Kd5 Ra4 63. Qe8 Rxg4 64. Qd7+ 1-0

[Event "Wch Rapid"]
[Site "Moscow"]
[Date "2019.12.27"]
[Round "8"]
[White "Matlakov, Maxim"]
[Black "Pashikian, Arman"]
[Result "1/2-1/2"]
[WhiteElo "2699"]
[BlackElo "2605"]
[PlyCount "74"]
[EventDate "2019.12.26"]
[EventType "swiss (rapid)"]
[EventRounds "15"]
[EventCountry "RUS"]
[SourceTitle "CBM 193 Extra"]
[Source "ChessBase"]
[SourceDate "2020.01.31"]
[SourceVersion "1"]
[SourceVersionDate "2020.01.31"]
[SourceQuality "1"]

1. c4 e5 2. Nc3 Nf6 3. Nf3 Nc6 4. d3 d5 5. cxd5 Nxd5 6. e4 Nxc3 7. bxc3 Bc5 8. Be2 0-0 9. 0-0 Bg4 10. h3 Bh5 11. Rb1 Bb6 12. g4 Bg6 13. Kg2 Qd7 14. Nh4 Nd8 15. f4 exf4 16. Bxf4 Ne6 17. Bg3 Rad8 18. Qc2 Qc6 19. Qc1 Nc5 20. Nxg6 hxg6 21. Rf3 f5 22. exf5 gxf5 23. d4 fxg4 24. hxg4 Ne4 25. Be5 Qe6 26. Qe3 Rxf3 27. Bxf3 Qxa2+ 28. Qe2 Qxe2+ 29. Bxe2 Nxc3 30. Bc4+ Nd5 31. g5 c6 32. g6 Re8 33. Kf3 Re6 34. Bd3 Ne7 35. Bc4 Nd5 36. Bd3 Ne7 37. Bc4 Nd5 1/2-1/2

[Event "Wch Rapid"]
[Site "Moscow"]
[Date "2019.12.26"]
[Round "1"]
[White "Mikhailovsky, Vladimir"]
[Black "Pashikian, Arman"]
[Result "1/2-1/2"]
[WhiteElo "2209"]
[BlackElo "2605"]
[PlyCount "89"]
[EventDate "2019.12.26"]
[EventType "swiss (rapid)"]
[EventRounds "15"]
[EventCountry "RUS"]
[SourceTitle "CBM 193 Extra"]
[Source "ChessBase"]
[SourceDate "2020.01.31"]
[SourceVersion "1"]
[SourceVersionDate "2020.01.31"]
[SourceQuality "1"]

1. d4 d5 2. c4 c6 3. Nf3 Nf6 4. g3 dxc4 5. Bg2 g6 6. a4 Bg7 7. 0-0 Ne4 8. Qc2 Nd6 9. Nbd2 0-0 10. Nxc4 Bf5 11. Qc3 Nxc4 12. Qxc4 Be4 13. Rd1 Na6 14. Bf4 Qb6 15. Ne5 Bxg2 16. Kxg2 Rad8 17. a5 Qb4 18. b3 c5 19. Ra4 Qxc4 20. Rxc4 g5 21. Bxg5 f6 22. Bh4 fxe5 23. Bxe7 exd4 24. Bxf8 Rxf8 25. e3 Rd8 26. exd4 cxd4 27. b4 Rd5 28. Kf3 Rb5 29. Rb1 Kf7 30. Ke4 Bf8 31. Rxd4 Bxb4 32. f4 Ke6 33. g4 Rxa5 34. Rdxb4 Nxb4 35. Rxb4 b5 36. f5+ Kf6 37. h4 h6 38. Rd4 Ra6 39. Kf4 Ra4 40. g5+ hxg5+ 41. hxg5+ Kf7 42. Ke5 Rxd4 43. Kxd4 b4 44. Kc4 a5 45. Kb3 1/2-1/2

[Event "Wch Rapid"]
[Site "Moscow"]
[Date "2019.12.26"]
[Round "5"]
[White "Pashikian, Arman"]
[Black "Baron, Tal"]
[Result "1-0"]
[WhiteElo "2605"]
[BlackElo "2541"]
[PlyCount "129"]
[EventDate "2019.12.26"]
[EventType "swiss (rapid)"]
[EventRounds "15"]
[EventCountry "RUS"]
[SourceTitle "CBM 193 Extra"]
[Source "ChessBase"]
[SourceDate "2020.01.31"]
[SourceVersion "1"]
[SourceVersionDate "2020.01.31"]
[SourceQuality "1"]

1. d4 Nf6 2. c4 g6 3. Nc3 d5 4. Nf3 Bg7 5. cxd5 Nxd5 6. e4 Nxc3 7. bxc3 c5 8. Be3 Qa5 9. Qd2 Nc6 10. Rb1 a6 11. Rc1 f5 12. Bd3 cxd4 13. Nxd4 Ne5 14. exf5 Nxd3+ 15. Qxd3 Bxf5 16. Nxf5 Qxf5 17. Qe2 Rc8 18. c4 Qa5+ 19. Qd2 Qxd2+ 20. Kxd2 Kf7 21. Kd3 Rc6 22. c5 Rd8+ 23. Ke4 Re6+ 24. Kf3 Bd4 25. Rcd1 Rf6+ 26. Ke4 Re6+ 27. Kf3 Rf6+ 28. Ke2 e5 29. Rb1 Rd7 30. Rb4 Rc6 31. Rhb1 Rxc5 32. Rxb7 Rcc7 33. Rxc7 Rxc7 34. Bxd4 exd4 35. Kd2 Rc4 36. Rb7+ Kg8 37. Rb3 Ra4 38. a3 Kf7 39. Kd3 Ke6 40. Ke4 Kd6 41. Rd3 Kc5 42. g4 g5 43. f4 gxf4 44. g5 Rc4 45. Rh3 d3+ 46. Kxd3 Rd4+ 47. Ke2 Rd7 48. Rc3+ Kb5 49. Kf3 Rd2 50. h3 Rd4 51. h4 h6 52. gxh6 Rd6 53. Kxf4 Rd4+ 54. Kg5 Rd5+ 55. Kg6 Rd6+ 56. Kg7 Rd7+ 57. Kg6 Rd6+ 58. Kg5 Rd5+ 59. Kg4 Rd4+ 60. Kg3 Rd7 61. Rf3 Rh7 62. Rf6 a5 63. Kg4 Ka4 64. Kg5 Kxa3 65. Kg6 1-0

[Event "Wch Rapid"]
[Site "Moscow"]
[Date "2019.12.26"]
[Round "2"]
[White "Pashikian, Arman"]
[Black "Batchuluun, Tsegmed"]
[Result "1/2-1/2"]
[WhiteElo "2605"]
[BlackElo "2530"]
[PlyCount "99"]
[EventDate "2019.12.26"]
[EventType "swiss (rapid)"]
[EventRounds "15"]
[EventCountry "RUS"]
[SourceTitle "CBM 193 Extra"]
[Source "ChessBase"]
[SourceDate "2020.01.31"]
[SourceVersion "1"]
[SourceVersionDate "2020.01.31"]
[SourceQuality "1"]

1. d4 Nf6 2. c4 e6 3. Nf3 d5 4. g3 dxc4 5. Bg2 Nc6 6. Qa4 Bb4+ 7. Bd2 Nd5 8. Bxb4 Ndxb4 9. 0-0 Rb8 10. Na3 0-0 11. Qb5 b6 12. Qxc4 Ba6 13. Nb5 Qd5 14. Qxd5 Nxd5 15. a4 Na5 16. Ne5 Rbd8 17. Nxa7 Nb4 18. Nb5 Bxb5 19. axb5 Rxd4 20. Rac1 f6 21. Nf3 Rd7 22. Rfd1 Rfd8 23. Rxd7 Rxd7 24. e3 c5 25. bxc6 Naxc6 26. Bf1 Rd6 27. Bb5 Kf7 28. Rc4 Ke7 29. h4 Rd1+ 30. Kg2 Kd6 31. h5 Rd5 32. Bxc6 Nxc6 33. Rg4 Rxh5 34. Rxg7 Rb5 35. Nd2 Na5 36. Rxh7 f5 37. b3 Nxb3 38. Nf3 Rc5 39. Ng5 Rc6 40. e4 b5 41. Rh6 Kd7 42. Rh7+ Kd6 43. Rh6 Kd7 44. Nf3 Rc5 45. Rh7+ Kc6 46. Rh6 Kd7 47. Rh7+ Kc6 48. Rh6 Kd7 49. Rh7+ Kc6 50. Rh6 1/2-1/2

[Event "Wch Rapid"]
[Site "Moscow"]
[Date "2019.12.26"]
[Round "4"]
[White "Pashikian, Arman"]
[Black "Lobanov, Sergei"]
[Result "0-1"]
[WhiteElo "2605"]
[BlackElo "2504"]
[PlyCount "60"]
[EventDate "2019.12.26"]
[EventType "swiss (rapid)"]
[EventRounds "15"]
[EventCountry "RUS"]
[SourceTitle "CBM 193 Extra"]
[Source "ChessBase"]
[SourceDate "2020.01.31"]
[SourceVersion "1"]
[SourceVersionDate "2020.01.31"]
[SourceQuality "1"]

1. d4 Nf6 2. c4 g6 3. Nc3 d5 4. cxd5 Nxd5 5. e4 Nxc3 6. bxc3 Bg7 7. Nf3 0-0 8. Be2 c5 9. Be3 Qa5 10. 0-0 Nd7 11. Qc2 b6 12. Bd2 Qa3 13. Bb5 Nf6 14. Rab1 Bb7 15. d5 a6 16. Be2 b5 17. c4 b4 18. Bc1 Qa5 19. a3 Bc8 20. axb4 cxb4 21. Bd2 Rb8 22. Ne5 Bd7 23. c5 Ba4 24. Qa2 Nxe4 25. Nc6 b3 26. Bxa5 bxa2 27. Rxb8 Rxb8 28. Nxb8 Nxc5 29. Bb4 Ne4 30. Bxe7 Nd2 0-1

[Event "EU-chT 22nd"]
[Site "Batumi"]
[Date "2019.11.02"]
[Round "9.4"]
[White "Mastrovasilis, Athanasios"]
[Black "Pashikian, Arman"]
[Result "1/2-1/2"]
[WhiteElo "2521"]
[BlackElo "2599"]
[PlyCount "63"]
[EventDate "2019.10.24"]
[EventType "team-swiss"]
[EventRounds "9"]
[EventCountry "GEO"]
[SourceTitle "CBM 193"]
[Source "ChessBase"]
[SourceDate "2019.12.31"]
[SourceVersion "1"]
[SourceVersionDate "2019.12.31"]
[SourceQuality "1"]
[WhiteTeam "Greece"]
[BlackTeam "Armenia"]
[WhiteTeamCountry "GRE"]
[BlackTeamCountry "ARM"]

1. d4 Nf6 2. c4 e6 3. Nc3 Bb4 4. Nf3 d5 5. Bg5 dxc4 6. e4 h6 7. Bxf6 Qxf6 8. Bxc4 c5 9. 0-0 cxd4 10. Nb5 Qe7 11. Qxd4 0-0 12. Nxa7 Bc5 13. Nxc8 Rxc8 14. Qd3 Nc6 15. Bb5 Rd8 16. Qe2 Nd4 17. Nxd4 Rxd4 18. a4 Rad8 19. Rad1 Qf6 20. Rd3 Rxd3 21. Bxd3 Qd4 22. Rd1 Qxa4 23. Bc2 Rxd1+ 24. Bxd1 Qd4 25. g3 g5 26. Kg2 Kf8 27. b3 Ke7 28. Bc2 b6 29. Bd3 Kd6 30. Bc2 Ke5 31. Bd3 Kd6 32. Bc4 1/2-1/2

[Event "EU-ch 20th"]
[Site "Skopje"]
[Date "2019.03.28"]
[Round "10"]
[White "Pashikian, Arman"]
[Black "Schreiner, Peter"]
[Result "1/2-1/2"]
[WhiteElo "2616"]
[BlackElo "2471"]
[PlyCount "98"]
[EventDate "2019.03.18"]
[EventType "swiss"]
[EventRounds "11"]
[EventCountry "MKD"]
[SourceTitle "CBM 189"]
[Source "ChessBase"]
[SourceDate "2019.04.29"]
[SourceVersion "1"]
[SourceVersionDate "2019.04.29"]
[SourceQuality "1"]

1. Nf3 c5 2. c4 Nc6 3. d4 cxd4 4. Nxd4 Qb6 5. Nb3 Nf6 6. Nc3 e6 7. a3 d5 8. Be3 Qd8 9. cxd5 Nxd5 10. Nxd5 Qxd5 11. Qxd5 exd5 12. Rd1 Be7 13. g3 Bf6 14. Nd4 Be6 15. Bg2 0-0 16. 0-0 Rfc8 17. Nb5 Ne7 18. Bd4 Rc2 19. e4 Bxd4 20. Nxd4 Rxb2 21. Nxe6 fxe6 22. exd5 Nxd5 23. Rfe1 Nf6 24. Rxe6 Kf7 25. Re3 Re8 26. Rf3 Rc2 27. Bf1 Rc7 28. Kg2 Re5 29. Rd8 Re8 30. Rd4 Re5 31. Rb3 Rec5 32. Ra4 a6 33. Rab4 b5 34. a4 bxa4 35. Rxa4 a5 36. Rba3 Ra7 37. Bc4+ Ke7 38. Rb3 Kf8 39. h4 g5 40. Rb6 Kg7 41. Re6 Nd5 42. Re5 Nb6 43. Rxc5 Nxa4 44. Rc6 Nb2 45. Ba2 Nd3 46. Rc4 Ne5 47. Re4 Nd3 48. Rc4 Ne5 49. Re4 Nd3 1/2-1/2

[Event "ARM-ch HL 79th"]
[Site "Yerevan"]
[Date "2019.01.20"]
[Round "9"]
[White "Harutyunian, Tigran K"]
[Black "Pashikian, Arman"]
[Result "1/2-1/2"]
[WhiteElo "2542"]
[BlackElo "2599"]
[PlyCount "34"]
[EventDate "2019.01.12"]
[EventType "tourn"]
[EventRounds "9"]
[EventCountry "ARM"]
[EventCategory "14"]
[SourceTitle "CBM 188 Extra"]
[Source "ChessBase"]
[SourceDate "2019.02.26"]
[SourceVersion "1"]
[SourceVersionDate "2019.02.26"]
[SourceQuality "1"]

1. d4 d5 2. c4 c6 3. cxd5 cxd5 4. Nc3 Nf6 5. Nf3 Nc6 6. Bf4 Bf5 7. e3 e6 8. Bd3 Bxd3 9. Qxd3 Bd6 10. Bxd6 Qxd6 11. 0-0 0-0 12. Rfc1 Rfc8 13. h3 h6 14. Ne2 Rc7 15. a3 Rac8 16. Rc2 Na5 17. Rac1 Rxc2 1/2-1/2